| 000 | 00548nam a2200169 i 4500 | ||
|---|---|---|---|
| 001 | 189081 | ||
| 003 | ES-MaACL | ||
| 005 | 20230906223355.0 | ||
| 008 | 190327s1922 sp |||| | cat d | ||
| 100 | 1 |
_aNavarro, Antón. _985055 |
|
| 245 | 1 | 0 |
_aDe l'infinit poema / _cMossen Anton Navarro. |
| 250 | _aEd. especial en paper de fil. | ||
| 260 |
_aBarcelona : _bImp. La Renaixensa, _c1922. |
||
| 300 |
_a140 p. ; _c18 cm. |
||
| 595 | _aEjemp. n.13. | ||
| 852 |
_aES-MaACL _jL-32253 _z. - Donat. herederos de la bibl. de Mª del Pilar Costa Palacín |
||
| 999 |
_c189081 _d189081 |
||